000
00301nam a22001337a 4500
008
170614b xxu||||| |||| 00| 0 eng d
020
_a
0060961716
041
_a
eng
080
_a
32
100
_a
19
101
_a
SHP
245
_a
REPRODUCTIVE RIGHTS AND WRONGS
_c
HARTMANN,B
942
_2
udc
_c
BK
999
_c
17270
_d
17270